00430nam a2200157Ia 4500008004100000020001500041041001200056082001600068100002000084245008300104250000800187260003600195300000800231650001500239700001800254221030s9999 xx 000 0 und d a8178088010 aEnglish a105.23bKra aL. J. Krazewski 0aOperations Management - Strategy & Analysiscby L. J. Krazewski, L. P. Ritzman a6th bPearson EducationaDelhic2002 a882 aManagement aL. P. Ritzman